| 000 | 00698nam a2200205 i 4500 | ||
|---|---|---|---|
| 001 | 68790 | ||
| 003 | ES-MaACL | ||
| 005 | 20231223063049.0 | ||
| 007 | t| | ||
| 008 | 960829s1866 sp |||| | spa d | ||
| 100 | 1 |
_aGiner de los Ríos, Francisco, _d1839-1915 _957122 |
|
| 245 | 1 | 0 |
_aEstudios literarios / _cpor D. Francisco Giner. |
| 260 |
_aMadrid : _b[s.n.], _c1866 ( _fImp. de R. Labajos) |
||
| 300 |
_a182 p. ; _c20 cm. |
||
| 530 | _aDisponible en formato digital. | ||
| 650 |
_aLiteratura- _xHistoria y crítica. _914489 |
||
| 852 |
_aES-MaACL _jF-11656 |
||
| 856 |
_uhttp://bdh-rd.bne.es/viewer.vm?id=0000237283&page=1 _zBiblioteca Digital Hispánica |
||
| 999 |
_c68790 _d68790 |
||